Krížovky do vrecka pre tých, ktorí sa chcú príjemne zabaviť : magazín pre poučenie a zábavu

Bibliographic Details
Format: Journal
Language:Slovak
PhysicalDescription:zv.
Published: Bratislava Obzor [1968]-[1972]
Subjects:

MARC

LEADER 00000cas a2200000 a 4500
001 vtls001364749
003 SK-MaSNL
005 20260228155742.0
008 180126d19681972xo zx|p 0 0b0slo
035 |a SNK000318398 
040 |a SNK  |b slo  |c SNK  |e AACR2 
041 0 |a slo 
044 |a xo  |c SK 
072 7 |a 793  |x Spoločenské zábavy  |2 konspekt 
080 |a 793.7  |2 2011 
080 |a 050  |2 2001 
080 |a 379.8(051)  |2 2011 
245 0 0 |a Krížovky do vrecka  |b pre tých, ktorí sa chcú príjemne zabaviť : magazín pre poučenie a zábavu 
260 |a Bratislava  |b Obzor  |c [1968]-[1972] 
300 |a zv. 
310 |a Nepravidelne 
362 0 |a [1968]-[1972] 
650 0 7 |a krížovky  |2 SNKPH  |9 3313 
655 7 |a časopisy pre voľný čas  |2 SNKPH  |9 70337 
850 |a Slovenská národná knižnica v Martine 
910 |a snk 
999 |c 422  |d 422 
952 |0 0  |1 0  |4 0  |7 0  |8 5  |a SNK  |b SNK  |d 2001-06-08  |i snkF 841/2001  |l 0  |o snkČSE 138/A/1971  |p 17A0302075  |r 2005-01-02 00:00:00  |w 2026-02-21  |y PREZ